Report of the Committee on the ways and means of financing educational development in India (Record no. 489625)

000 -LEADER
fixed length control field 00488cam a22001337a 4500
008 - FIXED-LENGTH DATA ELEMENTS--GENERAL INFORMATION
fixed length control field 180718b1950 xxu||||| |||| 00| 0 eng d
082 ## - DEWEY DECIMAL CLASSIFICATION NUMBER
Classification number P04x54 In2c
100 ## - MAIN ENTRY--PERSONAL NAME
Personal name India. Committee on the ways and means of financing educational development
245 ## - TITLE STATEMENT
Title Report of the Committee on the ways and means of financing educational development in India
260 ## - PUBLICATION, DISTRIBUTION, ETC.
Place of publication, distribution, etc. Delhi
Name of publisher, distributor, etc. The Manager of Publications
Date of publication, distribution, etc. 1950
300 ## - PHYSICAL DESCRIPTION
Extent 78p.
500 ## - GENERAL NOTE
General note Chairman: B.G. Kher
700 ## - ADDED ENTRY--PERSONAL NAME
Personal name Kher, B.G., Chairman
Holdings
Withdrawn status Lost status Damaged status Not for loan Permanent Location Current Location Date acquired Full call number Barcode Date last seen Price effective from Koha item type
        Indian Institute of Public Administration Indian Institute of Public Administration 2018-08-04 P04x54 In2c GG32181 2018-08-04 2018-08-04 GG

Powered by Koha